| 000 | 00506nam a2200181Ia 4500 | ||
|---|---|---|---|
| 005 | 20250508161648.0 | ||
| 008 | 008 250505s9999 xx 000 0 eng d | ||
| 037 | _aTextual | ||
| 040 |
_aFEDL _beng _cFEDL |
||
| 041 |
_aeng _2eng |
||
| 084 |
_a290, HAR _qFEDL |
||
| 100 |
_aHardon John A. _9771235 |
||
| 245 | 0 | _aReligions of the orient : A christian view | |
| 260 |
_aChicago _bLoyola University Press _c1970 |
||
| 300 | _a212p. | ||
| 942 |
_cTEXL _h290, HAR |
||
| 999 |
_c1371410 _d1371410 |
||